Unit operations for treatment of hazardous industrial wastes (Record no. 30880)
[ view plain ]
| 000 -LEADER | |
|---|---|
| fixed length control field | 00341nam a2200121Ia 4500 |
| 082 ## - DEWEY DECIMAL CLASSIFICATION NUMBER | |
| Classification number | 628.5 |
| Item number | DER |
| 245 #0 - TITLE STATEMENT | |
| Title | Unit operations for treatment of hazardous industrial wastes |
| 260 ## - PUBLICATION, DISTRIBUTION, ETC. (IMPRINT) | |
| Place of publication | New Jersey |
| Name of publisher | Noyes Data |
| Year of publication | 1978 |
| 650 ## - SUBJECT ADDED ENTRY--TOPICAL TERM | |
| Topical Term | Industrial pollution |
| 700 ## - ADDED ENTRY--PERSONAL NAME | |
| Personal name | Drenzo, D J |
| 942 ## - ADDED ENTRY ELEMENTS (KOHA) | |
| Koha item type | Books |
| Withdrawn status | Lost status | Damaged status | Not for loan | Home library | Current library | Date acquired | Cost, normal purchase price | Full call number | Accession Number | Koha item type |
|---|---|---|---|---|---|---|---|---|---|---|
| RRII Library | RRII Library | 16/12/2021 | 42.00 | 628.5 DER | 11439 | Books |